00991 2200205 4500001002100000005001500021035002000036008004100056245004500097100002100142250000600163260003800169300001200207084001400219082000800233650001000241520051000251990001200761990001200773INLIS00000000000095320240531081908 a0010-0524000188240531 1 ind 1 aCinta Bopeng - Bopeng /cRatri Desmayana aDesmayana, Ratri a1 aYogyakarta :bSheila/ Andi,c2015 a200 hlm a813 RAT c a813 4aFiksi aMasalah percintaan remaja memang tak ada habisnya. Sista sedang galau karena harus menjalani LDR dengan kekasihnya, Miko. Rasa rindu tak tertahankan terus menyiksanya sampai membuatnya tak nafsu makan. Jupri, sahabat Miko, datang dalam kehidupan Sista dan berusaha menghiburnya agar tidak galau lagi. Namun sosok Jupri sangat berbeda dengan Miko. Jupri tidak seganteng Miko, bahkan ia mendapat panggilan kakek. Kedekatan Jupri dan Sista tak luput dari perhatian Mama Sista. Bagaimana tanggapan Mama Sista? a0741660 a0741661